مكتبة جامعة عجلون الوطنية

فهرس بحث المكتبة

Normal view MARC view
  • تاليف عودة، احمد سليمان،م.مشارك فتحي حسن ملكاوي

Entry Personal Name

Number of records used in: 1

001 - CONTROL NUMBER

  • control field: 61074

003 - CONTROL NUMBER IDENTIFIER

  • control field: JO-AjAnu

005 - DATE AND TIME OF LATEST TRANSACTION

  • control field: 20230606084000.0

008 - FIXED-LENGTH DATA ELEMENTS

  • fixed length control field: 230606|| aca||aabn | a|a d

040 ## - CATALOGING SOURCE

  • Original cataloging agency: JO-AjAnu
  • Transcribing agency: JO-AjAnu

100 ## - HEADING--PERSONAL NAME

  • Personal name: تاليف عودة، احمد سليمان،م.مشارك فتحي حسن ملكاوي

670 ## - SOURCE DATA FOUND

  • Source citation: Work cat.: (JO-AjAnu)31151: تاليف عودة، احمد سليمان،م.مشارك فتحي حسن ملكاوي, author, اساسيات البحث العلمي في التربية والعلوم الانسانينه: عناصر البحث ومناهجه والتحليل افحصائي لبياناته